Ten years of the Construction Act (Record no. 80151)

MARC details
000 -LEADER
fixed length control field 01261cab a22002415a 4500
001 - CONTROL NUMBER
control field L143358
008 - FIXED-LENGTH DATA ELEMENTS--GENERAL INFORMATION
fixed length control field 080429e20080425xxk f 000 0 eng d
035 ## - SYSTEM CONTROL NUMBER
System control number (Sirsi) u143358
041 0# - LANGUAGE CODE
Language code of text/sound track or separate title eng
100 1# - MAIN ENTRY--PERSONAL NAME
Personal name Bingham, Tony
245 00 - TITLE STATEMENT
Title Ten years of the Construction Act
260 ## - PUBLICATION, DISTRIBUTION, ETC.
Date of publication, distribution, etc. 2008
490 #0 - SERIES STATEMENT
Series statement Building
Volume/sequential designation 273(8526) 25 April 2008, 85-88(4)
520 ## - SUMMARY, ETC.
Summary, etc. Provides three viewpoints of the Housing Grants, Construction and Regeneration Act 1996 on its tenth anniversary. Discusses whether the Act has been a success, whether adjudication has led to less conflict in the construction industry, continuing payment problems, and proposed reforms to the payment provisions of the Act. Includes a case study of how a headteacher took on an adjudication and a timeline of the Act's life since it took effect in May 1998.
590 ## - LOCAL NOTE (RLIN)
Local note KA
650 24 - SUBJECT ADDED ENTRY--TOPICAL TERM
Topical term or geographic name entry element HOUSING GRANTS, CONSTRUCTION AND REGENERATION ACT 1996
651 #4 - SUBJECT ADDED ENTRY--GEOGRAPHIC NAME
Geographic name Great Britain
Chronological subdivision 1707-
690 ## - LOCAL SUBJECT ADDED ENTRY--TOPICAL TERM (OCLC, RLIN)
Topical term or geographic name as entry element BUILT ENVIRONMENT-CONSTRUCTION MANAGEMENT-BUILDING CONTRACT ADMINISTRATION
690 ## - LOCAL SUBJECT ADDED ENTRY--TOPICAL TERM (OCLC, RLIN)
Topical term or geographic name as entry element MANAGEMENT-DISPUTE AVOIDANCE, MANAGEMENT AND RESOLUTION-DISPUTE MANAGEMENT AND RESOLUTION-ALTERNATIVE DISPUTE RESOLUTION-ADJUDICATION
700 1# - ADDED ENTRY--PERSONAL NAME
Personal name Helps, Dominic
700 1# - ADDED ENTRY--PERSONAL NAME
Personal name Klein, Rudi
942 ## - ADDED ENTRY ELEMENTS (KOHA)
Suppress in OPAC 0
Holdings
Withdrawn status Lost status Source of classification or shelving scheme Damaged status Not for loan Home library Current library Shelving location Date acquired Total Checkouts Full call number Barcode Date last seen Copy number Price effective from Koha item type
    Dewey Decimal Classification     London London Journal article 29/04/2008   L143358 143358-1001 06/08/2019 1 06/08/2019 Journal article